[Event "Hyderabad op 3rd"]
[Site "Hyderabad"]
[Date "2019.08.22"]
[Round "4"]
[White "Mohammad Gyesuddin, Prodhan"]
[Black "Kaustuv, Kundu"]
[Result "0-1"]
[WhiteElo "1961"]
[BlackElo "2295"]
[PlyCount "70"]
[EventDate "2019.08.20"]
[EventType "swiss"]
[EventRounds "10"]
[EventCountry "IND"]
[SourceTitle "EXT 2020"]
[Source "ChessBase"]
[SourceDate "2019.10.17"]
[SourceVersion "1"]
[SourceVersionDate "2019.10.17"]
[SourceQuality "1"]

1. e4 c5 2. Nf3 e6 3. c3 d5 4. e5 Nc6 5. d4 Bd7 6. Bd3 Qb6 7. dxc5 Bxc5 8. 0-0 a5 9. a4 f6 10. Qe2 fxe5 11. Nxe5 Nxe5 12. Qxe5 Nf6 13. Nd2 Bxf2+ 14. Kh1 0-0 15. Nf3 Rae8 16. b4 Ne4 17. bxa5 Qd8 18. Bg5 Qc8 19. Bxe4 dxe4 20. Rxf2 exf3 21. Rxf3 Rxf3 22. gxf3 Bc6 23. Kg2 Rf8 24. Rf1 Rf5 25. Qg3 Bd5 26. Bh6 Qxc3 27. Rf2 Kf7 28. Bd2 Qc6 29. Qh3 Qxa4 30. Kg3 Qb3 31. Qf1 e5 32. Kg2 Kg8 33. Qe2 Qc2 34. Qe3 Qc6 35. Kg3 Qg6+ 0-1